<?xml version="1.0" encoding="UTF-8"?>
<record
    xmlns:xsi="http://www.w3.org/2001/XMLSchema-instance"
    xsi:schemaLocation="http://www.loc.gov/MARC21/slim http://www.loc.gov/standards/marcxml/schema/MARC21slim.xsd"
    xmlns="http://www.loc.gov/MARC21/slim">

  <leader>02766nam a22002897a 4500</leader>
  <controlfield tag="001">8897</controlfield>
  <controlfield tag="003">FISKH</controlfield>
  <controlfield tag="005">20251030104920.0</controlfield>
  <controlfield tag="008">251030b        cb ||||| |||| 00| 0 eng d</controlfield>
  <datafield tag="020" ind1=" " ind2=" ">
    <subfield code="a">0452</subfield>
  </datafield>
  <datafield tag="040" ind1=" " ind2=" ">
    <subfield code="a">FISKH</subfield>
    <subfield code="b">khr</subfield>
    <subfield code="c">FISKH</subfield>
    <subfield code="d">FISKH</subfield>
  </datafield>
  <datafield tag="050" ind1=" " ind2=" ">
    <subfield code="a">PZ7 </subfield>
  </datafield>
  <datafield tag="082" ind1=" " ind2=" ">
    <subfield code="a">398.2</subfield>
  </datafield>
  <datafield tag="100" ind1=" " ind2=" ">
    <subfield code="a">Anonymous</subfield>
  </datafield>
  <datafield tag="245" ind1=" " ind2=" ">
    <subfield code="a">&#x17A2;&#x17B6;&#x179B;&#x17B8;&#x1794;&#x17B6;&#x1794;&#x17B6; &#x1793;&#x17B7;&#x1784; &#x1780;&#x17D2;&#x179A;&#x17BB;&#x1798;&#x1785;&#x17C4;&#x179A; /</subfield>
    <subfield code="c">By Anonymous</subfield>
  </datafield>
  <datafield tag="260" ind1=" " ind2=" ">
    <subfield code="a">Phnom Penh :</subfield>
  </datafield>
  <datafield tag="300" ind1=" " ind2=" ">
    <subfield code="a">16 pages : </subfield>
    <subfield code="b">color illustrations ; </subfield>
    <subfield code="c">21 cm . </subfield>
  </datafield>
  <datafield tag="505" ind1=" " ind2=" ">
    <subfield code="a">K 
</subfield>
  </datafield>
  <datafield tag="520" ind1=" " ind2=" ">
    <subfield code="a">&#x17A2;&#x17B6;&#x179B;&#x17B8;&#x1794;&#x17B6;&#x1794;&#x17B6;&#x1787;&#x17B6;&#x17A2;&#x17D2;&#x1793;&#x1780;&#x1780;&#x17D2;&#x179A;&#x1793;&#x17B7;&#x1784;&#x1780;&#x17B6;&#x179F;&#x17BB;&#x17B8;&#x1798;&#x1787;&#x17B6;&#x17A2;&#x17D2;&#x1793;&#x1780;&#x1798;&#x17B6;&#x1793; &#x1787;&#x17B6;&#x1794;&#x1784;&#x1794;&#x17D2;&#x17A2;&#x17BC;&#x1793;&#x1794;&#x1784;&#x17D2;&#x1780;&#x17BE;&#x178F;&#x1793;&#x17B9;&#x1784;&#x1782;&#x17D2;&#x1793;&#x17B6; &#x17D4; &#x1790;&#x17D2;&#x1784;&#x17C3;&#x1798;&#x17BD;&#x1799;&#x1798;&#x17B6;&#x1793;&#x17A2;&#x17B6;&#x179B;&#x17B8;&#x1794;&#x17B6;&#x1794;&#x17B6;&#x1794;&#x17B6;&#x1793;&#x1783;&#x17BE;&#x1789;&#x1785;&#x17C4;&#x179A;&#x1798;&#x17BD;&#x1799;&#x1780;&#x17D2;&#x179A;&#x17BB;&#x1798;&#x1791;&#x17C5;&#x1799;&#x1780;&#x1798;&#x17B6;&#x179F;&#x1796;&#x17B8;&#x179A;&#x17BC;&#x1784;&#x1797;&#x17D2;&#x1793;&#x17C6; &#x17D4; &#x17A2;&#x17B6;&#x179B;&#x17B8;&#x1794;&#x17B6;&#x1794;&#x17B6;&#x1780;&#x17CF;&#x1794;&#x17B6;&#x1793;&#x1792;&#x17D2;&#x179C;&#x17BE;&#x178F;&#x17B6;&#x1798;&#x1798;&#x17C1;&#x1785;&#x17C4;&#x179A; &#x1782;&#x17B6;&#x178F;&#x17CB;&#x1794;&#x17D2;&#x179A;&#x1798;&#x17BC;&#x179B;&#x1794;&#x17B6;&#x1793;&#x1798;&#x17B6;&#x179F;&#x1798;&#x17BD;&#x1799;&#x1794;&#x17B6;&#x179C; &#x17D4; &#x1780;&#x17B6;&#x179F;&#x17BB;&#x17B8;&#x1798;&#x1787;&#x17B6;&#x1798;&#x1793;&#x17BB;&#x179F;&#x17D2;&#x179F;&#x179B;&#x17C4;&#x1797;&#x178A;&#x17BC;&#x1785;&#x1793;&#x17C1;&#x17C7;&#x1782;&#x17C1;&#x1780;&#x17CF;&#x1792;&#x17D2;&#x179C;&#x17BE;&#x178F;&#x17B6;&#x1798;&#x17A2;&#x17B6;&#x179B;&#x17B8;&#x1794;&#x17B6;&#x1794;&#x17B6; &#x17D4; &#x178F;&#x17C2;&#x17A2;&#x1780;&#x17BB;&#x179F;&#x179B;&#x1780;&#x17B6;&#x179F;&#x17BB;&#x17B8;&#x1798;&#x178F;&#x17D2;&#x179A;&#x17BC;&#x179C;&#x1794;&#x17B6;&#x1793;&#x1785;&#x17C4;&#x179A;&#x179F;&#x1798;&#x17D2;&#x179B;&#x17B6;&#x1794;&#x17CB;&#x17A2;&#x17C4;&#x1799;&#x179F;&#x17D2;&#x179B;&#x17B6;&#x1794;&#x17CB;&#x1780;&#x17D2;&#x1793;&#x17BB;&#x1784;&#x179A;&#x17BC;&#x1784;&#x1797;&#x17D2;&#x1793;&#x17C6;&#x200B; &#x17D4; &#x17A2;&#x17B6;&#x179B;&#x17B8;&#x1794;&#x17B6;&#x1794;&#x17B6;&#x1780;&#x17CF;&#x179B;&#x17BD;&#x1785;&#x1799;&#x1780;&#x179F;&#x1796;&#x1780;&#x17B6;&#x179F;&#x17BB;&#x17B8;&#x1798;&#x1798;&#x1780;&#x1792;&#x17D2;&#x179C;&#x17BE;&#x1794;&#x17BB;&#x178E;&#x17D2;&#x1799;&#x1793;&#x17C5;&#x1795;&#x17D2;&#x1791;&#x17C7; &#x17D4; &#x1780;&#x17D2;&#x179A;&#x17BB;&#x1798;&#x1785;&#x17C4;&#x179A;&#x1781;&#x17B9;&#x1784;&#x1799;&#x17C9;&#x17B6;&#x1784;&#x1781;&#x17D2;&#x179B;&#x17B6;&#x17C6;&#x1784;&#x1780;&#x17CF;&#x1798;&#x17B6;&#x1793;&#x1794;&#x17C6;&#x178E;&#x1784;&#x1798;&#x1780;&#x179F;&#x1798;&#x17D2;&#x179B;&#x17B6;&#x1794;&#x17CB;&#x17A2;&#x17B6;&#x179B;&#x17B8;&#x1794;&#x17B6;&#x1794;&#x17B6;&#x178A;&#x179B;&#x17CB;&#x1795;&#x17D2;&#x1791;&#x17C7; &#x178F;&#x17C2;&#x178A;&#x17C4;&#x1799;&#x1785;&#x17B6;&#x1789;&#x17CB;&#x1780;&#x179B;&#x17A2;&#x17D2;&#x1793;&#x1780;&#x1794;&#x1798;&#x17D2;&#x179A;&#x17BE;&#x179A;&#x1794;&#x179F;&#x17CB;&#x17A2;&#x17B6;&#x179B;&#x17B8;&#x1794;&#x17B6;&#x1794;&#x17B6; &#x1785;&#x17C4;&#x179A;&#x1791;&#x17B6;&#x17C6;&#x1784;&#x1793;&#x17C4;&#x17C7;&#x178F;&#x17D2;&#x179A;&#x17BC;&#x179C;&#x179F;&#x17D2;&#x179B;&#x17B6;&#x1794;&#x17CB;&#x1780;&#x17D2;&#x179A;&#x17C4;&#x1798;&#x1780;&#x178E;&#x17D2;&#x178F;&#x17B6;&#x1794;&#x17CB;&#x178A;&#x17C3;&#x17A2;&#x17D2;&#x1793;&#x1780;&#x1794;&#x1798;&#x17D2;&#x179A;&#x17BE;&#x1793;&#x17C4;&#x17C7; &#x17D4;&#x200B; </subfield>
  </datafield>
  <datafield tag="520" ind1=" " ind2=" ">
    <subfield code="a">Ali Baba was a poor man, and Kasim, his brother, was a rich man. One day, Ali Baba saw a group of thieves taking gold from a cave. Ali Baba followed what the leader of the thieves did and managed to collect a bag full of gold. Kasim, being a greedy man, decided to do the same as Ali Baba. Unfortunately, Kasim was caught by the thieves and killed inside the cave. Ali Baba secretly brought Kasim&#x2019;s body home to hold a funeral. The thieves, enraged, planned to come to Ali Baba&#x2019;s house to kill him. However, because of the cleverness of Ali Baba&#x2019;s servant, the thieves were defeated and killed by her.</subfield>
  </datafield>
  <datafield tag="521" ind1="8" ind2=" ">
    <subfield code="a">510 
</subfield>
    <subfield code="b">Lexile estimate 
</subfield>
  </datafield>
  <datafield tag="521" ind1="8" ind2=" ">
    <subfield code="a">K 
</subfield>
    <subfield code="b">Raz-Plus 
</subfield>
  </datafield>
  <datafield tag="650" ind1=" " ind2=" ">
    <subfield code="a">&#x17A2;&#x179B;&#x17B8;&#x1794;&#x17B6;&#x1794;&#x17B6;&#x1793;&#x17B7;&#x1784;&#x1780;&#x17D2;&#x179A;&#x17BB;&#x1798;&#x1785;&#x17C4;&#x179A;</subfield>
    <subfield code="v">&#x179A;&#x17BF;&#x1784;&#x1793;&#x17B7;&#x1791;&#x17B6;&#x1793;&#x1780;&#x17BB;&#x1798;&#x17B6;&#x179A;</subfield>
  </datafield>
  <datafield tag="650" ind1=" " ind2=" ">
    <subfield code="a">Alibaba and a group of thieves </subfield>
    <subfield code="v">Children's Stories </subfield>
  </datafield>
  <datafield tag="942" ind1=" " ind2=" ">
    <subfield code="2">ddc</subfield>
    <subfield code="c">KHB</subfield>
    <subfield code="n">0</subfield>
  </datafield>
  <datafield tag="999" ind1=" " ind2=" ">
    <subfield code="c">8897</subfield>
    <subfield code="d">8897</subfield>
  </datafield>
  <datafield tag="952" ind1=" " ind2=" ">
    <subfield code="0">0</subfield>
    <subfield code="1">0</subfield>
    <subfield code="2">ddc</subfield>
    <subfield code="4">0</subfield>
    <subfield code="7">0</subfield>
    <subfield code="8">Khmer-English Bilingual </subfield>
    <subfield code="a">002</subfield>
    <subfield code="b">002</subfield>
    <subfield code="c">TTP Khmer</subfield>
    <subfield code="d">2025-10-30</subfield>
    <subfield code="l">0</subfield>
    <subfield code="o">ANO PZ7 398.2</subfield>
    <subfield code="p">2025-4766</subfield>
    <subfield code="r">2025-10-30 10:49:17</subfield>
    <subfield code="w">2025-10-30</subfield>
    <subfield code="y">KHB</subfield>
  </datafield>
</record>
